000 01392nam a22003857a 4500
003 CHAP
005 20220329133732.0
008 971013s1991 r 00010 d
010 _a10123
011 _a11095
035 _a10333
040 _cCHAP
082 _a581.13345
_bF6
100 0 0 _aFollett, Ronald F.
_eed
_942079
245 1 _aManaging nitrogen for groundwater quality and farm profitability
260 _aMadison, Wis. :
_bSoil Science Society of America,
_c1991
300 _a357 p.
_b: ilus
500 _aIncluye 4 discos flexibles, 3 de 5 1/4, 1 de 3 1/2
500 _aSolicitar los discos flexibles en el área de servicios al público con la clasificación del impreso
590 _aBATCH-UPD
_b10
_c20130110
_lUCH01
_h0133
590 _aBATCH-UPD
_b10
_c20130110
_lUCH01
_h1238
590 _aBATCH-UPD
_b10
_c20130410
_lUCH01
_h0805
590 _aBATCH-UPD
_b10
_c20130913
_lUCH01
_h2236
590 _aCONVERSION
_b10
_c20130109
_lUCH01
_h1306
650 1 4 _aAgua subterranea.
_92456
650 1 4 _aAgua
_xCalidad.
_92316
650 1 4 _aFertilizantes nitrogenados.
_940596
650 1 4 _aNitrógeno en plantas.
_981476
650 1 4 _aSuelos
_xLixiviación.
_9110420
700 0 _aCruse, R. M.
_eed
_929265
700 0 _aKeeney, D. R.
_eed
_962891
901 _aBK
942 _cLIBRO
949 _a581.13345 F6
_bBC
_cLIBRO
_d33724000629713
_eLIBRO
_gI.172674
_h86456
_i10333
_si
_t133.45
999 _c10123
_d10123